000
00224 a2200109 4500
020
_a
9789332536524
100
_a
Richard T. DeGeorge
245
_a
Business ethics
250
_a
7th
260
_b
Pearson
_c
2015
942
_c
OO
999
_c
115572
_d
115571